000 01039nam a22003017i 4500
003 EG-GICUC
005 20260121101448.0
008 251210s1963 fr ||||fr|||| 00| 0 fre d
040 _aEG-GiCUC
_bfre
_cEG-GiCUC
_dEG-GiCUC
_eRda
041 _afre
082 0 4 _221
_a341.84
_bZA . D
092 0 4 _221
099 _aLaw1 12 341.84 ZA . D 1963
100 1 _aZatzépine, Alexandre.
_eAuteur
245 1 3 _aLe droit de la nationalité des républiques francophones d’Afrique et de Madagascar /
_cAlexandre Zatzépine.
264 1 _aParis :
_bLibrairie générale de droit et de jurisprudence,
_c1963.
300 _a149 page ;
_c 24 cm.
336 _2rda contenu
_a texte
337 _2rda medias
_aOrdinateur
338 _2 transporteur rda
_a Ressource en ligne
504 _aBibliographic references
546 _aTexte en français
650 1 4 _aNationalité
_xDroit international
_2qrmak
651 1 _2qrmak
856 4 0 _uhttps://fll.law.cu.edu.eg/fulltext/bks/B12-01624.pdf
905 _a75
_eHassnaa
942 _2ddc
_cBK
_e21
_n0
999 _c49582
_d49582